00696nam a22001697a 450000500170000001000130001702000260003003500110005603700130006708200110008010000610009124501230015224600840027526000520035927000920041130000230050320201013151358.0 aUR-10887 c150.00a9789389733778 aU-9442 bDBAD/PUB a808.88 aمحمد نو ا ز خا ن ا و ر ز ا ہد خا ن  aا طلا لۃ علی ا لد ر ا سا ت ا لعر بيۃcمحمد نو ا ز خا ن ا و ر ز ا ہد خا ن  bIthlaathun Ala Dirasaathil Arabiyya (Urdu)aby Mohd. Nawaz Khan and Mohd. Zahid aN.Delhi bEducational Publishing Housec2020 ء aH.O.D1/16,Ansari Road,Darya ganj,bN.Delhie110002k45678285,23216162l0091-11-23211540 a127 ص c22 Cm(Hb)